000 00323nam a2200133Ia 4500
008 230818s2000 xx 000 0 und d
041 _aeng
100 _aBranson
245 _aHotel and Hostel House Keeping
260 _bHodder & stoughton
_c2000
300 _a307p
520 _aGeneral
999 _c851766
_d851766
650 _aHotel Housekeeping